000 00987nam a2200253Ia 4500
003 GCL
008 140319s9999 xx 000 0 ara d
020 _a5455287977
040 _aGCL /
_cGCL
082 0 4 _a055.13
_bع ص
100 1 _aعبدالحميد بسيونى
245 1 0 _aصفحات الخادم النشط (Active Server Pages (ASP :
_bبلغة فيجوال بيزك سكريبت /
_cعبدالحميد بسيونى
250 _aالاولى
260 _aالقاهرة :
_bدار الكتب العلمية للنشر والتوزيع ،
_c2004
300 _a191ص ؛
_c20سم
490 _aسلسلة تطوير صفحات ويب وبرمجة الانترنت
_v0
650 0 4 _aالحاسبات الالكترونية - برامج
650 0 4 _aالبرمجة الالية
650 0 4 _aانشاء صفحات الويب
650 0 4 _aالإنترنت - لغات
650 0 4 _aاى اس بى
650 0 4 _aفيجوال بيسك سكريب
942 _2ddc
_cBK
999 _c51229
_d51229